[Event "Hyeres op"]
[Site "Hyeres"]
[Date "1992.??.??"]
[Round "?"]
[White "Morozevich, Alexander"]
[Black "Tjiam, Dharma"]
[Result "1-0"]
[WhiteElo "2385"]
[BlackElo "2300"]

1.e4 c5 2.Nf3 e6 3.d4 cxd4 4.Nxd4 a6 5.c4 Nf6 6.Nc3 Bb4 7.Bd3 Bxc3+ 8.bxc3 d6
9.Ba3 Qc7 10.Qa4+ Nbd7 11.O-O O-O 12.Nb5 Qc6 13.Qa5 b6 14.Nd4 Qb7 15.Qg5 Nc5
16.Bxc5 bxc5 17.Rab1 Qc7 18.Ne2 Bb7 19.Ng3 Bc6 20.Rbe1 h6 21.Qh4 Rab8 22.Re3 Qd8
23.Rd1 Ba4 24.Rd2 Nd7 25.Qh3 Rb6 26.f4 Qe7 27.Nh5 f6 28.e5 f5 29.exd6 Rxd6
30.g4 Nf6 31.gxf5 Nxh5 32.Qxh5 Qf6 33.fxe6 Qxf4 34.Qe2 Bc6 35.Rg3 Rf6 36.Rg4 Qf3
37.Qxf3 Bxf3 38.e7 Rde6 39.Rg6 Rxe7 40.Rxf6 gxf6 41.Bf5 Kf7 42.Kf2 Be4 43.Bh3 f5
44.Kg3 Kf6 45.Kf4 Re6 46.Rd8 Bb1 47.Bxf5 Bxf5 48.Rf8+ Ke7 49.Rxf5 Re2 50.Re5+  1-0

[Event "Hyeres op"]
[Site "Hyeres"]
[Date "1992.??.??"]
[Round "?"]
[White "Morozevich, Alexander"]
[Black "Shevelev, Sergei"]
[Result "1/2-1/2"]
[WhiteElo "2385"]
[BlackElo "2415"]

1.e4 e5 2.Nf3 Nc6 3.d4 exd4 4.Nxd4 Bc5 5.Be3 Qf6 6.c3 Nge7 7.Bc4 O-O 8.O-O a6
9.Nc2 Bxe3 10.Nxe3 d6 11.f4 Be6 12.Bd3 Qh6 13.c4 f5 14.exf5 Nxf5 15.Bxf5 Bxf5
16.Nc3 Ne7 17.Qd2 Be6  1/2-1/2

[Event "Hyeres op"]
[Site "Hyeres"]
[Date "1992.??.??"]
[Round "?"]
[White "Morozevich, Alexander"]
[Black "Beulen, Marcel"]
[Result "1/2-1/2"]
[WhiteElo "2385"]
[BlackElo "2285"]

1.e4 c5 2.Nf3 e6 3.d3 d5 4.Nbd2 Nc6 5.g3 Nge7 6.Bg2 g6 7.O-O Bg7 8.Re1 b6
9.e5 Qc7 10.Qe2 h6 11.h4 g5 12.hxg5 hxg5 13.Nxg5 Qxe5 14.Qxe5 Nxe5 15.Nc4 Nxc4
16.dxc4 Bb7 17.c3 O-O 18.Nh3 Ng6 19.Nf4 Nxf4 20.Bxf4 Rad8 21.Rad1 Bf6 22.Bh6 Bg7
23.Bg5 f6 24.Bf4 Kf7 25.cxd5 Bxd5 26.Bc7 Rd7 27.c4 Rxc7 28.cxd5 exd5 29.Bxd5+ Kg6
30.Bc4 f5 31.Rd6+ Rf6 32.Rd5 f4 33.g4 f3 34.Bd3+ Kf7 35.Bf5 Bh6 36.Rd3 b5
37.Rxf3 c4 38.Kg2 b4 39.Rh1 Rc5 40.Rh5 Kg7 41.g5 Bxg5 42.Rxg5+ Kh6 43.Rg4 Rfxf5
44.Rxf5 Rxf5 45.Rxc4 Ra5 46.Rxb4 Rxa2 47.b3 a5 48.Ra4 Rb2 49.Ra3 Kg6 50.Kf3 Kf6
51.Ke3 Ke6 52.f4 Rh2 53.Kd3 Rh3+ 54.Kc2 Rh2+ 55.Kc3 Rh3+ 56.Kc4 Rf3 57.Kb5 Rxf4
58.Rxa5 Kd7 59.Ra4 Rf3 60.Rb4 Kc7 61.Ka6 Rf1 62.Rb7+ Kc8 63.Rb6 Ra1+ 64.Kb5 Kc7
65.b4 Rh1 66.Rg6 Kb7 67.Rg7+ Kb8  1/2-1/2

[Event "Hyeres op"]
[Site "Hyeres"]
[Date "1992.??.??"]
[Round "?"]
[White "Van Wely, Loek"]
[Black "Morozevich, Alexander"]
[Result "1-0"]
[WhiteElo "2525"]
[BlackElo "2385"]

1.d4 Nf6 2.c4 g6 3.Nc3 Bg7 4.e4 d6 5.Nf3 O-O 6.Be2 e5 7.O-O Na6 8.Be3 Ng4
9.Bg5 Qe8 10.dxe5 dxe5 11.h3 h6 12.Bd2 Nf6 13.Be3 Nh5 14.Re1 Be6 15.a3 c6
16.b4 f6 17.Qc1 Kh7 18.Nh4 Nf4 19.Bxf4 exf4 20.Bd3 Rd8 21.Qc2 Qf7 22.c5 Nb8
23.Ne2 Nd7 24.Nxf4 Bb3 25.Qb1 Ne5 26.Nhxg6 Nxg6 27.e5 Rxd3 28.e6 Bxe6 29.Qxd3 Bc8
30.Re7 Qxe7 31.Nxg6 Rd8 32.Nxe7+ Rxd3 33.Nxc8 f5 34.Re1 Bd4 35.Nd6 f4 36.Nxb7 Rxa3
37.Nd8 Ra2 38.Rf1 Ra6 39.Rd1 Bc3 40.b5 cxb5 41.c6 Ra4 42.Rd7+ Kg6 43.c7 Rc4
44.Rd6+  1-0

[Event "Hyeres op"]
[Site "Hyeres"]
[Date "1992.??.??"]
[Round "?"]
[White "Anselmo, Aldo"]
[Black "Morozevich, Alexander"]
[Result "0-1"]
[WhiteElo "2240"]
[BlackElo "2385"]

1.Nf3 Nf6 2.c4 g6 3.b3 Bg7 4.Bb2 O-O 5.g3 d6 6.Bg2 e5 7.d3 Nc6 8.O-O Nh5
9.Nc3 f5 10.Rb1 Be6 11.Nd5 h6 12.Nd2 a5 13.e3 Qd7 14.f4 Rae8 15.a3 Nd8 16.b4 axb4
17.axb4 c6 18.Nb6 Qc7 19.Na4 Bc8 20.b5 Nf6 21.fxe5 Ng4 22.exd6 Qxd6 23.Qb3 Nxe3
24.bxc6 bxc6 25.c5+ Qe6 26.Rfe1 Qxb3 27.Nxb3 Nxg2 28.Kxg2 Be6 29.Bxg7 Kxg7
30.Nd4 Re7 31.Nc3 Rfe8 32.Kf2 Rd7 33.Rb4 Kf6 34.Na4 Ree7 35.Nb6 Ra7 36.Na4 Ra5
37.Re2 Rea7 38.Rb8 Ra8 39.Rxd8 Rxd8 40.Nxc6 Rda8 41.Nxa5 Rxa5 42.Nb2 Rxc5
43.Ke3 g5 44.Rf2 Kg6 45.Nc4 Kh5 46.Kd4 Rd5+ 47.Ke3 Kg4 48.d4 Rb5 49.Ne5+ Kh3
50.Nd3 Rb3 51.Kd2 Bc4 52.Ne5 Be6 53.Nd3 Ra3 54.Nb2 Ra1 55.Re2 Bd5 56.Nd1 Bf3
57.Re1 Kxh2 58.Ne3 Ra5 59.Nf1+ Kg2 60.Kc3 Kf2  0-1

[Event "Hyeres op"]
[Site "Hyeres"]
[Date "1992.??.??"]
[Round "?"]
[White "Lempert, Igor"]
[Black "Morozevich, Alexander"]
[Result "1/2-1/2"]
[WhiteElo "2430"]
[BlackElo "2385"]

1.d4 Nf6 2.c4 g6 3.g3 Bg7 4.Bg2 O-O 5.Nc3 d6 6.Nf3 c5 7.O-O Nc6 8.dxc5 dxc5
9.Bf4 Be6 10.Ne5 Nxe5 11.Bxe5 Nd7 12.Bxg7 Kxg7 13.Bxb7 Rb8 14.Bd5 Bh3 15.Re1 Rxb2
16.Qc1 Rb4 17.Ne4 Nf6 18.Qc3 Qb6 19.Rac1  1/2-1/2

[Event "Moscow-ch"]
[Site "Moscow"]
[Date "1992.??.??"]
[Round "?"]
[White "Morozevich, Alexander"]
[Black "Zhurov, Sergey"]
[Result "1-0"]
[WhiteElo "2415"]
[BlackElo "2345"]

1.e4 e5 2.Nf3 Nc6 3.Bb5 Nf6 4.O-O Bc5 5.c3 O-O 6.d4 Bb6 7.Bg5 h6 8.Bh4 d6
9.Qd3 Bd7 10.Nbd2 Re8 11.Rad1 Qe7 12.Rfe1 Rad8 13.Bc4 Na5 14.Bb5 Bxb5 15.Qxb5 Nc6
16.Nc4 g5 17.Bg3 Qd7 18.Nxb6 axb6 19.Qd3 Qe7 20.h4 Nh5 21.hxg5 hxg5 22.Nh2 Kg7
23.Qf3 Nf4 24.Ng4 f6 25.d5 Na7 26.Ne3 Kg6 27.Nf5 Qh7 28.Bxf4 exf4 29.Qd3 Rh8
30.f3 Kf7 31.Qc4 Kg6 32.Kf2 Nc8 33.Rh1 Qd7 34.Qd3 Ne7 35.Nd4 f5 36.exf5+ Nxf5  1-0

[Event "Moscow-ch"]
[Site "Moscow"]
[Date "1992.??.??"]
[Round "?"]
[White "Morozevich, Alexander"]
[Black "Makarjev, Ilja"]
[Result "1-0"]
[WhiteElo "2415"]
[BlackElo "2335"]

1.e4 d6 2.d4 Nf6 3.Nc3 g6 4.Nf3 Bg7 5.Be2 O-O 6.O-O c6 7.Re1 Qc7 8.Bf4 Nbd7
9.e5 Nh5 10.Bg5 dxe5 11.Bxe7 Re8 12.d5 cxd5 13.Nxd5 Qc6 14.Bb5 Qxb5 15.Nc7 Qxb2
16.Nxe8 Bh8 17.Nd6  1-0

[Event "Moscow rapid"]
[Site "Moscow"]
[Date "1992.??.??"]
[Round "?"]
[White "Morozevich, Alexander"]
[Black "Karpov, Anatoly"]
[Result "0-1"]
[WhiteElo "2385"]
[BlackElo "2715"]

1.e4 c6 2.c4 d5 3.exd5 cxd5 4.cxd5 Nf6 5.Nc3 Nxd5 6.Nf3 Nxc3 7.bxc3 g6 8.Bc4 Bg7
9.Ng5 O-O 10.Qf3 e6 11.d4 Nc6 12.O-O Na5 13.Bd3 Bd7 14.Rb1 Rc8 15.Ne4 Bc6
16.Qg3 Bxe4 17.Bxe4 Qd7 18.Bf4 b6 19.Rbd1 Rc4 20.h4 Rfc8 21.Bd2 Ra4 22.h5 Rxa2
23.Bf4 Nc4 24.Rd3 f5 25.Bf3 e5 26.dxe5 Qxd3 27.h6 Bf8 28.Qh4 Nd2 29.Bxd2 Rxd2
30.Qf6 Qd7  0-1

[Event "Moscow rapid"]
[Site "Moscow"]
[Date "1992.??.??"]
[Round "?"]
[White "Belov, Igor"]
[Black "Morozevich, Alexander"]
[Result "1/2-1/2"]
[WhiteElo "2440"]
[BlackElo "2385"]

1.Nf3 Nf6 2.c4 g6 3.Nc3 Bg7 4.e4 d6 5.d4 O-O 6.Be2 Bg4 7.Be3 Nfd7 8.Ng1 Bxe2
9.Ngxe2 e5 10.O-O exd4 11.Nxd4 Nc6 12.f3 Nc5 13.Qd2 Ne6 14.Nde2 Re8 15.Rad1 a5
16.Nd5 Ne5 17.Qc2 Qb8 18.Kh1 Nd7 19.b3 b5 20.cxb5 Qxb5 21.f4 c6 22.Ndc3 Qb4
23.e5 d5 24.Na4 Rac8 25.Nd4 c5 26.Nf3 d4 27.Bd2 Qb5 28.Nb2 Nb6 29.Nc4 Nxc4
30.bxc4 Qc6 31.f5 gxf5 32.Qxf5 Rc7 33.Bxa5 Ra7 34.Be1 Nf8 35.Bg3 Qg6 36.Ng5 Qxf5
37.Rxf5 Ne6 38.h4 Nxg5 39.Rxg5 Rxa2 40.e6 Rxe6 41.Rxc5  1/2-1/2

[Event "Moscow Tal mem"]
[Site "Moscow"]
[Date "1992.??.??"]
[Round "?"]
[White "Petrosian, Arshak B"]
[Black "Morozevich, Alexander"]
[Result "1-0"]
[WhiteElo "2460"]
[BlackElo "2385"]

1.d4 Nf6 2.c4 g6 3.Nc3 Bg7 4.e4 d6 5.Be2 O-O 6.Bg5 Na6 7.h4 e5 8.d5 h6 9.Be3 h5
10.f3 c6 11.Nh3 cxd5 12.cxd5 Bd7 13.Nf2 Kh7 14.g4 Qa5 15.g5 Ng8 16.a3 f6
17.b4 Qd8 18.Nb5 Bxb5 19.Bxb5 fxg5 20.hxg5 Rc8 21.Ke2 Nc7 22.Bd3 Qd7 23.a4 a5
24.b5 Na8 25.b6 Rc3 26.Qd2 Rb3 27.Rab1 Rxb1 28.Bxb1 Qxa4 29.Bc2 Qa2 30.Qc3 Ne7
31.Ra1 Rc8 32.Qxc8 Qxa1 33.Qxa8 Qb2 34.Kd1 Qc3 35.Nd3 h4 36.Qxb7 a4 37.Qxe7 a3
38.b7 a2 39.b8=Q a1=Q+ 40.Qb1 Qaa3 41.Qa7  1-0

[Event "Moscow Tal mem"]
[Site "Moscow"]
[Date "1992.??.??"]
[Round "?"]
[White "Morozevich, Alexander"]
[Black "Muhutdinov, Marat"]
[Result "1/2-1/2"]
[WhiteElo "2385"]
[BlackElo "2425"]

1.e4 c5 2.Nf3 d6 3.d4 cxd4 4.Nxd4 Nf6 5.Nc3 a6 6.Bc4 e6 7.Bb3 Nbd7 8.f4 Nc5
9.e5 Nfd7 10.exd6 Nf6 11.Be3 Bxd6 12.Qf3 O-O 13.O-O-O Nxb3+ 14.Nxb3 Qc7 15.Rxd6 Qxd6
16.Bc5 Qc7 17.Bxf8 Kxf8 18.Rd1 Bd7 19.g3 Bc6 20.Qd3 e5 21.fxe5 Qxe5 22.Nd4 Bd7
23.Nf3 Qc5 24.Nd2 Qe7 25.Nf3 Re8 26.Re1 Qc5 27.Rxe8+ Bxe8 28.b3  1/2-1/2

[Event "Moscow Tal mem"]
[Site "Moscow"]
[Date "1992.??.??"]
[Round "?"]
[White "Morozevich, Alexander"]
[Black "Makarichev, Sergey"]
[Result "1/2-1/2"]
[WhiteElo "2385"]
[BlackElo "2530"]

1.e4 e5 2.Nf3 Nf6 3.d3 Nc6 4.c3 d5 5.Nbd2 a5 6.Be2 g6 7.b3 Bg7 8.Ba3 Nh5
9.O-O Nf4 10.Re1 Nxe2+ 11.Qxe2 Be6 12.exd5 Qxd5 13.c4 Qd7 14.Bb2 Bg4 15.d4 O-O-O
16.dxe5 Rhe8 17.Qe3 f6 18.h3 Bf5 19.g4 fxe5 20.gxf5 gxf5 21.Kh2 e4 22.Bxg7 exf3
23.Qxf3 Qxg7 24.Qxf5+ Kb8 25.Rxe8 Rxe8 26.Rg1 Qb2 27.Ne4 Qxa2 28.Nc5 b6 29.Qf7 Qe2
30.Na6+ Kb7 31.Qxc7+ Kxa6 32.Qxc6 Qxf2+ 33.Kh1 Rf8 34.Qb5+ Ka7 35.Qd7+ Ka6  1/2-1/2

[Event "Moscow Tal mem"]
[Site "Moscow"]
[Date "1992.??.??"]
[Round "?"]
[White "Kiselev, Sergey"]
[Black "Morozevich, Alexander"]
[Result "0-1"]
[WhiteElo "2530"]
[BlackElo "2385"]

1.d4 Nf6 2.c4 g6 3.Nc3 Bg7 4.e4 d6 5.Bd3 O-O 6.Nge2 e5 7.O-O exd4 8.Nxd4 Nc6
9.Nxc6 bxc6 10.Bg5 h6 11.Bh4 Rb8 12.Qe2 g5 13.Bg3 Ng4 14.Rac1 Ne5 15.b3 Ng6
16.c5 Be5 17.cxd6 cxd6 18.Nd1 Bd7 19.Ne3 Qf6 20.Bxe5 Nxe5 21.Rfd1 Rfd8 22.Qd2 Be6
23.Bc4 d5 24.exd5 cxd5 25.Bxd5 Rb5 26.Qd4 Rbxd5 27.Nxd5 Rxd5 28.Qxa7 Nd3
29.Rb1 Qf5 30.Qe3 Re5 31.Qb6 Bd5 32.f3 Re2 33.Qxh6 Rxg2+  0-1

[Event "Moscow-ch"]
[Site "Moscow"]
[Date "1992.??.??"]
[Round "?"]
[White "Barskij, Vladimir"]
[Black "Morozevich, Alexander"]
[Result "0-1"]
[WhiteElo "2325"]
[BlackElo "2415"]

1.e4 c5 2.Nf3 d6 3.d4 cxd4 4.Nxd4 Nf6 5.Nc3 a6 6.f4 e5 7.Nf3 Nbd7 8.Bd3 b5
9.O-O Be7 10.Kh1 Bb7 11.Qe2 O-O 12.Bd2 Nc5 13.a3 d5 14.exd5 exf4 15.Ng5 Nxd3
16.Qxd3 h6 17.Nge4 Nxd5 18.Nxd5 Qxd5 19.Qxd5 Bxd5 20.Rxf4 Rfe8 21.Bc3 Bf8
22.Ng3 Rac8 23.Nh5 Be4 24.Rf2 Bg6 25.Nf4 Bc5 26.Rf3 Bxc2 27.Rg3 Bf8 28.Nd5 Bg6
29.Rd1 Rc4 30.h3 Re6 31.Ne3 Rc8 32.Ng4 Bd6 33.Re3 Rxe3 34.Nxe3 Bxa3 35.Ra1 Bc5
36.Nd5 Be4 37.Nf4 b4 38.Bd2 Be7 39.Ra4 Rc2 40.Bxb4 Bc6  0-1

[Event "Alushta"]
[Site "Alushta"]
[Date "1993.??.??"]
[Round "?"]
[White "Morozevich, Alexander"]
[Black "Dragomarezkij, Evgeni"]
[Result "1-0"]
[WhiteElo "2440"]
[BlackElo "2465"]

1.e4 c5 2.Nf3 d6 3.d4 cxd4 4.Nxd4 Nf6 5.Nc3 a6 6.Bc4 e6 7.Bb3 Nc6 8.Be3 Qc7
9.f4 Be7 10.Qf3 Na5 11.f5 Nxb3 12.axb3 O-O 13.O-O Bd7 14.g4 h6 15.h4 d5 16.g5 dxe4
17.Qg2 hxg5 18.hxg5 Nh5 19.Nxe4 exf5 20.Nxf5 Bc6 21.Qg4 Bxe4 22.Qxe4 Bc5
23.Bxc5 Qxc5+ 24.Rf2 g6 25.Qg4 Rae8 26.Rf1 a5 27.Kh1 Qd5+ 28.Kh2 Kh7 29.c4 Qd3
30.Rd1 Qe4 31.Qh3 Qe5+ 32.Kg1 Rd8 33.Rdf1 Qe4 34.Ne3 Kg7 35.Nd5 Qe5 36.Qg4 Qg3+
37.Qxg3 Nxg3 38.Ra1 Ne4 39.Rg2 Rfe8 40.Rxa5 Re5 41.Rb5 Nxg5 42.Rxb7 Ra8 43.Re7 Ra1+
44.Kf2 Nh3+ 45.Kg3 Rg5+ 46.Kh2 Rh5 47.Kg3 Rh1 48.Kf3 Ng5+ 49.Ke2 Ne6 50.Rf2 Nd4+
51.Kd2 Nf5 52.Rd7 Rb1 53.Kc3 Rc1+ 54.Kd2 Rb1 55.Kc3 Rc1+ 56.Kd2 Rb1 57.Kc2 Rhh1
58.Nc3 Rhc1+ 59.Kd3 Rf1 60.Rxf1 Rxf1 61.c5 Kf6 62.c6 Ke6 63.Rd8 g5 64.c7 Ne7
65.Re8  1-0

[Event "Alushta3"]
[Site "Alushta"]
[Date "1993.??.??"]
[Round "?"]
[White "Fish, Gannadij"]
[Black "Morozevich, Alexander"]
[Result "0-1"]
[WhiteElo "2440"]
[BlackElo "2545"]

1.d4 Nf6 2.c4 e6 3.Nc3 Bb4 4.g3 O-O 5.Bg2 d5 6.Qb3 c5 7.a3 Ba5 8.Nf3 cxd4
9.Nxd4 e5 10.Nc2 d4 11.O-O dxc3 12.Bxb7 Bxb7 13.Qxb7 cxb2 14.Bxb2 Nbd7 15.Nb4 Qc7
16.Qxc7 Bxc7 17.Rad1 Bb6 18.Nd5 Rfe8 19.a4 Rac8 20.a5 Bd8 21.Ne3 Nc5 22.Bc3 Nfe4
23.Be1 Nb3  0-1

[Event "Alushta3"]
[Site "Alushta"]
[Date "1993.??.??"]
[Round "?"]
[White "Fominyh, Alexander"]
[Black "Morozevich, Alexander"]
[Result "0-1"]
[WhiteElo "2515"]
[BlackElo "2545"]

1.Nf3 Nf6 2.c4 e6 3.g3 d5 4.d4 dxc4 5.Bg2 c5 6.O-O Nc6 7.Qa4 Bd7 8.dxc5 Na5
9.Qc2 Bxc5 10.Ne5 Rc8 11.Bg5 h6 12.Bxf6 gxf6 13.Nxd7 Qxd7 14.Nd2 Be7 15.Ne4 Qc7
16.f4 f5 17.Qc3 Rg8 18.Nf2 Bc5 19.e4 fxe4 20.Bxe4 Qxf4 21.Bh7 Rg5 22.Kh1 Qe3
23.Qxe3 Bxe3 24.Ne4 Ke7 25.Nxg5 hxg5 26.Rad1 b5 27.Rfe1 Bf2 28.Re2 Bc5 29.Rd5 Kf6
30.Rd7 Nc6 31.Re1 Ne5 32.Rb7 Bb6 33.Bc2 Rd8 34.Rd1 Rxd1+ 35.Bxd1 Nd3 36.Bh5 g4
37.h4 gxh3 38.Rxf7+ Kg5 39.Bf3 b4 40.Kh2 c3 41.bxc3 bxc3 42.Bd1 Ne1 43.Rg7+ Kf6
44.Rd7 c2 45.Bxc2 Nxc2 46.Kxh3 e5 47.Kg4 Ke6 48.Rh7 Nd4 49.Rh1 e4 50.Re1 Kd5
51.Kh5 Nf3  0-1

[Event "Alushta3"]
[Site "Alushta"]
[Date "1993.??.??"]
[Round "?"]
[White "Morozevich, Alexander"]
[Black "Lazarev, Vladimir"]
[Result "1-0"]
[WhiteElo "2545"]
[BlackElo "2440"]

1.d4 d5 2.Nc3 Nf6 3.Bg5 Nbd7 4.f3 c6 5.e4 dxe4 6.fxe4 Qb6 7.Nf3 e5 8.dxe5 Ng4
9.Qd2 Ndxe5 10.h3 Nxf3+ 11.gxf3 Ne5 12.O-O-O Be6 13.Be3 Qa5 14.f4 Nf3 15.Qf2 Bb4
16.Nb1 Qxa2 17.Qxf3 Qa1 18.c3 Ba5 19.Bd3 Ba2 20.Qh5 O-O-O 21.Qf5+ Kb8 22.Bxa7+  1-0

[Event "Alushta3"]
[Site "Alushta"]
[Date "1993.??.??"]
[Round "?"]
[White "Morozevich, Alexander"]
[Black "Onoprienko, Vladimir"]
[Result "1-0"]
[WhiteElo "2545"]
[BlackElo "2290"]

1.c4 e5 2.e3 Nf6 3.Nc3 Nc6 4.d3 d5 5.cxd5 Nxd5 6.Nf3 Be7 7.Be2 Be6 8.O-O O-O
9.a3 Nxc3 10.bxc3 f5 11.Qc2 f4 12.exf4 exf4 13.d4 Bd5 14.Bb2 Bf6 15.Rad1 Kh8
16.Nd2 b5 17.Rfe1 Rb8 18.Bf3 Na5 19.a4 Bxf3 20.Nxf3 Nc4 21.axb5 Rxb5 22.Bc1 g5
23.Qa4 Qd5 24.Ne5 Bxe5 25.dxe5 Qc5 26.e6 Re8 27.h4 h6 28.Rd7 Nd6 29.c4  1-0

[Event "Alushta3"]
[Site "Alushta"]
[Date "1993.??.??"]
[Round "?"]
[White "Sokolov, Andrei"]
[Black "Morozevich, Alexander"]
[Result "1/2-1/2"]
[WhiteElo "2525"]
[BlackElo "2545"]

1.e4 c5 2.Nf3 e6 3.d4 cxd4 4.Nxd4 Nc6 5.Nc3 d6 6.Be2 Nf6 7.O-O Be7 8.Be3 O-O
9.f4 a6 10.a4 Qc7 11.Qe1 Nxd4 12.Bxd4 e5 13.Be3 exf4 14.Bxf4 Be6 15.Qg3 Nd7
16.Bh6 Qc5+ 17.Be3 Qe5 18.Bf4 Qc5+ 19.Be3  1/2-1/2

[Event "Alushta"]
[Site "Alushta"]
[Date "1993.??.??"]
[Round "?"]
[White "Morozevich, Alexander"]
[Black "Savchenko, Stanislav"]
[Result "1-0"]
[WhiteElo "2440"]
[BlackElo "2535"]

1.e4 c6 2.c4 e5 3.Nf3 d6 4.d4 Bg4 5.Be2 Nd7 6.O-O Ngf6 7.Nc3 Be7 8.Be3 O-O
9.d5 c5 10.Ne1 Bxe2 11.Qxe2 Ne8 12.g3 g6 13.Bh6 Ng7 14.Ng2 Bg5 15.Bxg5 Qxg5
16.f4 exf4 17.gxf4 Qe7 18.Rae1 Rae8 19.Rf3 a6 20.Re3 f6 21.Qc2 Qd8 22.Qe2 Rf7
23.a3 Rfe7 24.f5 gxf5 25.Nf4 Kh8 26.Kh1 Ne5 27.Rh3 Qd7 28.Qf2 fxe4 29.Qh4 Qf5
30.Qh6 Kg8 31.Rg1 Nd3 32.Nxd3 exd3 33.Rhg3 Kh8 34.Rxg7 d2 35.R7g3 d1=Q 36.Nxd1 Qe4+
37.R3g2 Rf7 38.Nc3 Qf3 39.Qh4 Rg7 40.Qf2  1-0

[Event "Alushta"]
[Site "Alushta"]
[Date "1993.??.??"]
[Round "?"]
[White "Morozevich, Alexander"]
[Black "Moskalenko, Viktor"]
[Result "1/2-1/2"]
[WhiteElo "2440"]
[BlackElo "2555"]

1.c4 c5 2.Nf3 Nf6 3.Nc3 d5 4.cxd5 Nxd5 5.d4 cxd4 6.Qxd4 Nxc3 7.Qxc3 Nc6 8.e4 e6
9.a3 Bd7 10.Be2 Rc8 11.O-O Na5 12.Qe5 Nb3 13.Rb1 Qf6 14.Qg3 Qg6 15.Qf4 Bc5
16.Be3 Qf6 17.Qg3 Qg6 18.Qf4 Qf6 19.Qg3 Qg6 20.Qh4 Bc6 21.Bxc5 Nxc5 22.Rbc1 Nd7
23.Nd4 Qf6 24.Qxf6 gxf6 25.Nxc6 bxc6 26.Rc2 Ke7 27.Rfc1 Nb8 28.b4 Rc7 29.f3 Rhc8
30.Kf2 Kd6 31.Rc5 Nd7 32.Rh5 Rh8 33.Ke3 c5 34.bxc5+ Nxc5 35.f4 Rb8 36.Rc3 Rb3
37.Rxb3 Nxb3 38.Rxh7 Rc3+ 39.Kf2 Nc5 40.Bf3 Ke7 41.Rh8 Rxa3 42.h4 Nd3+ 43.Kg1 Nxf4
44.Ra8  1/2-1/2

[Event "Alushta"]
[Site "Alushta"]
[Date "1993.??.??"]
[Round "?"]
[White "Morozevich, Alexander"]
[Black "Lazarev, Vladimir"]
[Result "0-1"]
[WhiteElo "2440"]
[BlackElo "2430"]

1.e4 c5 2.Nf3 d6 3.d4 cxd4 4.Nxd4 Nf6 5.Nc3 a6 6.Bc4 e6 7.Bb3 Nbd7 8.f4 Nc5
9.f5 Be7 10.O-O Bd7 11.Qe1 e5 12.Nf3 Bc6 13.Bd5 Bxd5 14.exd5 Qd7 15.a4 Qxf5
16.Nd4 Qc8 17.Nf5 Bf8 18.Bg5 Ncd7 19.Kh1 Qc7 20.Rf3 g6 21.Nh6 Bxh6 22.Bxh6 Ng4
23.Qh4 Nxh6 24.Qxh6 f5 25.Rh3 O-O-O 26.b4 Kb8 27.a5 Nf6 28.Qd2 Qc4 29.Rb1 Ng4
30.Rg3 e4 31.h3 e3 32.Qe1 Nf2+ 33.Kg1 f4 34.Rf3 Rc8 35.Rb3 g5 36.Rxf2 exf2+
37.Qxf2 Rhe8 38.b5 Re3 39.bxa6 Qxa6 40.Na4 Qxa5 41.Nb6 Rxb3 42.cxb3 Rc1+
43.Kh2 Qa1 44.g3 f3 45.Nd7+ Kc8  0-1

[Event "Alushta"]
[Site "Alushta"]
[Date "1993.??.??"]
[Round "?"]
[White "Ibragimov, Ildar"]
[Black "Morozevich, Alexander"]
[Result "1-0"]
[WhiteElo "2540"]
[BlackElo "2440"]

1.d4 d5 2.Nf3 Nc6 3.g3 Bg4 4.Bg2 g6 5.Nbd2 Bg7 6.h3 Bc8 7.e3 e6 8.c4 Nge7
9.O-O O-O 10.b3 a5 11.Bb2 b6 12.a3 Ba6 13.Qc2 Ra7 14.Rfd1 f5 15.Rac1 h6 16.Ne1 a4
17.b4 dxc4 18.Nxc4 Bb5 19.Nf3 Nd5 20.Nce5 Nce7 21.e4 fxe4 22.Qxe4 Qe8 23.Re1 Nf6
24.Qc2 Nfd5 25.Qe4 Nf6 26.Qc2 Nfd5 27.Ng4 Qf7 28.Nfe5 Qf5 29.Be4 Qh5 30.Kh2 Nf5
31.Rcd1 g5 32.Nc6 Raa8 33.Nge5 Qe8 34.Rc1 h5 35.Nf3 Qg6 36.Qd2 g4 37.Nce5 Qh6
38.Ng5 Rf6 39.h4 Raf8 40.Kg1 Nfe7 41.Rc2 Rf5 42.Bxf5 Rxf5 43.Nc4 Rf6 44.Ne4 Rf3
45.Qxh6 Bxh6 46.Ng5 Bxg5 47.hxg5 Bxc4 48.Rxc4 Nf5 49.Rxe6 h4 50.gxh4 Nf4
51.d5 Nh3+ 52.Kf1 Rxf2+ 53.Ke1 Rxb2 54.Rxc7 Kf8 55.g6 g3 56.Rf7+ Kg8  1-0

[Event "Alushta"]
[Site "Alushta"]
[Date "1993.??.??"]
[Round "?"]
[White "Gipslis, Aivars"]
[Black "Morozevich, Alexander"]
[Result "1/2-1/2"]
[WhiteElo "2490"]
[BlackElo "2440"]

1.e4 c5 2.Nf3 e6 3.Nc3 d6 4.d4 cxd4 5.Nxd4 Nc6 6.g3 Nf6 7.Bg2 Bd7 8.O-O Nxd4
9.Qxd4 Qc7 10.a4 a6 11.a5 Be7 12.Qd1 O-O 13.Be3 Rac8 14.Bb6 Qb8 15.Qe2  1/2-1/2

[Event "Alushta"]
[Site "Alushta"]
[Date "1993.??.??"]
[Round "?"]
[White "Timoshenko, Georgy"]
[Black "Morozevich, Alexander"]
[Result "1-0"]
[WhiteElo "2515"]
[BlackElo "2440"]

1.e4 c5 2.Nf3 e6 3.d4 cxd4 4.Nxd4 Nc6 5.Nc3 d6 6.Be3 Nf6 7.Be2 Be7 8.O-O O-O
9.f4 a6 10.Kh1 Bd7 11.Qe1 b5 12.Bd3 Nxd4 13.Bxd4 Bc6 14.a3 Nh5 15.Rd1 Qc7
16.e5 Rad8 17.Qe3 Qb7 18.Ne4 f5 19.exf6 Nxf6 20.Bxf6 gxf6 21.Rf2 Rf7 22.Ng3 Bd7
23.c3 d5 24.Be2 Qc7 25.Qd2 Bc5 26.Rff1 Bd6 27.Bh5 Rg7 28.Nf5 Rg6 29.Bxg6 hxg6
30.Nxd6 Qxd6 31.Rf3 Bc6 32.Rh3 Rd7 33.Qf2 Rg7 34.Qh4 Kf7 35.Qh8 Qxf4 36.Qd8 g5
37.Rf3 Qe5 38.Rdf1 f5 39.Rh3 g4 40.Rh8 g3 41.h4  1-0

[Event "Alushta"]
[Site "Alushta"]
[Date "1993.??.??"]
[Round "?"]
[White "Zlochevskij, Alexander"]
[Black "Morozevich, Alexander"]
[Result "0-1"]
[WhiteElo "2455"]
[BlackElo "2440"]

1.Nf3 Nf6 2.c4 g6 3.Nc3 Bg7 4.e4 d6 5.d4 O-O 6.Be2 e5 7.O-O exd4 8.Nxd4 Re8
9.f3 Nc6 10.Be3 Nh5 11.Rc1 f5 12.c5 Nxd4 13.Bxd4 dxc5 14.Bxc5 Nf4 15.Bc4+ Be6
16.Nd5 Nxd5 17.exd5 Bf7 18.Qb3 b6 19.Bf2 Qd6 20.Rfd1 a6 21.Qc2 Re7 22.Qd2 Rd7
23.Bb3 Rad8 24.Bg3 Be5 25.Bxe5 Qxe5 26.f4 Qf6 27.Qc3 Qxc3 28.Rxc3 c5 29.a4 a5
30.Re3 Kg7 31.Re5 Kf6 32.Bc4 g5 33.g4 fxg4 34.Rxg5 Re7 35.Rf1 Rdd7 36.b3 h6
37.Rxg4 Bxd5 38.Rg3 Bxc4 39.bxc4 Kf5 40.Rh3 Re6 41.Rh5+ Kg4 42.Re5 Rf6 43.f5 Rd4
44.Re6 Kg5 45.Rb1 Rxf5 46.Kh1 Rxc4 47.Rexb6 Rxa4 48.Rg1+ Rg4 49.Rxg4+ Kxg4
50.Rxh6 Kf3 51.Rc6 Ke2 52.Kg2 Kd3 53.Rd6+ Kc2 54.Kg3 c4 55.Kg4 Rb5 56.h4 a4
57.h5 a3 58.Ra6 Kb2 59.h6 Rb7  0-1

[Event "Moscow-ch U20"]
[Site "Moscow"]
[Date "1993.??.??"]
[Round "?"]
[White "Rublevsky, Sergei"]
[Black "Morozevich, Alexander"]
[Result "1/2-1/2"]
[WhiteElo "2515"]
[BlackElo "2440"]

1.e4 c5 2.Nf3 e6 3.c4 Nc6 4.Nc3 Nge7 5.d4 Nxd4 6.Nxd4 cxd4 7.Qxd4 Nc6 8.Qe3 b6
9.Qg3 Qf6 10.Bd3 Bc5 11.O-O Qg6 12.Qh3 h5 13.Rd1 Bb7 14.Bf4 Qf6 15.Be3 d6
16.Rac1 Rd8 17.a3 g5 18.b4 g4 19.Qg3 Bd4 20.Bxd4 Nxd4 21.Bf1 Qh6 22.Qd3 e5
23.Ne2 Nxe2+ 24.Qxe2  1/2-1/2

[Event "Moscow-ch U20"]
[Site "Moscow"]
[Date "1993.??.??"]
[Round "?"]
[White "Morozevich, Alexander"]
[Black "Rublevsky, Sergei"]
[Result "0-1"]
[WhiteElo "2440"]
[BlackElo "2515"]

1.c4 e5 2.e3 Nf6 3.Nc3 Bb4 4.Nge2 O-O 5.a3 Bxc3 6.Nxc3 d5 7.cxd5 Nxd5 8.d3 c5
9.Qb3 Ne7 10.Be2 Nbc6 11.O-O Be6 12.Qc2 Rc8 13.Ne4 Bd5 14.b3 f5 15.Nd2 Ng6
16.Bb2 Kh8 17.Rac1 b6 18.Rfe1 f4 19.Ne4 f3 20.Bxf3 Rxf3 21.gxf3 Nh4 22.f4 Qd7
23.f3 Nxf3+ 24.Kh1 Nxe1 25.Rxe1 exf4 26.Rg1 Rg8 27.exf4 Qf5 28.Qg2 Nd4 29.b4 Qxf4
30.bxc5 bxc5 31.Rc1 c4 32.Rxc4 Bxc4 33.dxc4 Nf5 34.Ng5 Ne3 35.Qg1 h6  0-1

[Event "Podolsk"]
[Site "Podolsk"]
[Date "1993.??.??"]
[Round "?"]
[White "Morozevich, Alexander"]
[Black "Sveshnikov, Evgeny"]
[Result "1/2-1/2"]
[WhiteElo "2545"]
[BlackElo "2570"]

1.b3 e5 2.Bb2 Nc6 3.e3 Nf6 4.Bb5 Bd6 5.Ne2 O-O 6.O-O Re8 7.Ng3 e4 8.Be2 Be5
9.Bxe5 Nxe5 10.d4 exd3 11.cxd3 d5 12.d4 Neg4 13.Nc3 Qd6 14.Re1 h5 15.Nf1 g6
16.Qc1 c6 17.h3 Nh6 18.e4 Qf8 19.e5 Nh7 20.Qd2 Kg7 21.Rad1 Qe7 22.f4 Rh8
23.Bd3 Bf5 24.Ne3 Qd7 25.b4 Nf8 26.Na4 Bxd3 27.Qxd3 Ne6 28.Rf1 b5 29.Nc3 a5
30.f5 gxf5 31.Ne2 axb4 32.Ng3 Rxa2 33.Nexf5+ Nxf5 34.Nxf5+ Kg8 35.Qb3 Qa7
36.Ne7+ Qxe7 37.Qxa2 Rh6 38.Qa8+ Kg7 39.Rd2 Rg6 40.Rdf2 Ng5 41.Kh2 b3 42.Rf6 Ne4
43.Rxg6+ fxg6 44.Qxc6 b2 45.Rb1 Qf7 46.Rxb2 Qf4+ 47.Kg1 Qe3+ 48.Kh2 Qg3+
49.Kh1  1/2-1/2

[Event "Podolsk"]
[Site "Podolsk"]
[Date "1993.??.??"]
[Round "?"]
[White "Krasenkow, Michal"]
[Black "Morozevich, Alexander"]
[Result "1-0"]
[WhiteElo "2595"]
[BlackElo "2545"]

1.d4 d5 2.c4 e5 3.dxe5 d4 4.Nf3 Nc6 5.g3 Nge7 6.Bg2 Ng6 7.Bg5 Qd7 8.e6 fxe6
9.O-O e5 10.Nbd2 h6 11.Bh4 Be7 12.Bxe7 Qxe7 13.Qc2 Qf7 14.Ne1 O-O 15.Nd3 Kh8
16.b4 Bg4 17.Rae1 Rae8 18.b5 Nd8 19.Qa4 Qf5 20.Ne4 Qh5 21.f3 Be6 22.Rc1 Nf7
23.Qxa7 Bc8 24.Qc5 Ng5 25.Ndf2 Ne6 26.Qa3 b6 27.Bh3 Ngf4 28.gxf4 Nxf4 29.Bxc8 Nxe2+
30.Kg2 Rxc8 31.Ng3 Qg6 32.Rce1 d3 33.Rxe2 dxe2 34.Re1 h5 35.Qd3 Qg5 36.Nh3 Qh6
37.Rxe2 h4 38.Nf1 Rcd8 39.Qe4 Rd4 40.Qxe5 Qg6+ 41.Qg5 Qd3 42.Qh5+ Kg8 43.Rd2 Qxc4
44.Rxd4 Qxd4 45.Ng5 Qd3 46.Ne3 Rd8 47.Qf7+ Kh8 48.Qh5+ Kg8 49.Qf7+ Kh8 50.Qe6 Ra8
51.Kh3 Qb1 52.Nf7+ Kg8 53.Ng5+ Kh8 54.a3 Qd3 55.Nf7+ Kh7 56.Ng5+ Kh8 57.Ng4 Rf8
58.Ne5 Qf1+ 59.Kg4  1-0